000 00623nam a2200217Ia 4500
003 GCL
008 140319s9999 xx 000 0 ara d
040 _aGCL /
_cGCL
082 0 4 _aق
_b398.21
_bا خ
100 1 _aابراهيم شعراوى
245 1 0 _aالخرافة والاسطورة فى بلاد النوبة /
_cابراهيم شعراوى
300 _a238 ص
490 _a
650 0 4 _aالعادات والتقاليد
650 0 4 _aالفولكلور
650 0 4 _aالادب الشعبى
650 0 4 _aالنوبة
650 0 4 _aالخرافات
650 0 4 _aالاساطير
942 _2ddc
_cBK
999 _c39291
_d39291